| 000 | 01340nam a2200349 a 4500 | ||
|---|---|---|---|
| 001 | 000113611 | ||
| 003 | CHAP | ||
| 005 | 20220329144403.0 | ||
| 008 | 170829s2017 mx sm |||||||spa d | ||
| 010 | _a110072 | ||
| 011 | _a111044 | ||
| 040 | _cCHAP | ||
| 090 | _aTesis | ||
| 100 | 1 |
_aBecerra Bonilla, José Guadalupe _9133054 |
|
| 245 | 1 | 0 |
_aAnálisis en CFD de un dispositivo para mejorar el ambiente en una instalación porcina _h[En línea] _cpor José Guadalupe Becerra Bonilla y David Vargas Cano. |
| 260 |
_aChapingo, Méx. : _bEl autor, _c2017. |
||
| 500 | _aPara ver el contenido del material haga clic en la liga | ||
| 502 | _aTesis (Ing. Mecánico Agrícola) -- UACH. Departamento de Ingeniería Mecánica Agrícola | ||
| 590 |
_aBATCH _b00 _c20181121 _lUCH01 _h0758 |
||
| 590 |
_aE5765TAJ _b05 _c20170829 _lUCH01 _h0937 |
||
| 590 |
_aE5765TAJ _b05 _c20170829 _lUCH01 _h0937 |
||
| 590 |
_aE5765TAJ _b05 _c20170829 _lUCH01 _h0938 |
||
| 650 | 1 | 4 |
_aDinámica de fluidos _xProcesamiento de datos. _9129949 |
| 650 | 1 | 4 |
_aGanado porcino _xControl ambiental. _9133056 |
| 650 | 1 | 4 |
_aGanado porcino _xEfecto del medio ambiente. _945359 |
| 700 | 1 |
_aVargas Cano, David _9133055 |
|
| 856 |
_a1 _n0000866 |
||
| 856 |
_aFinding aid _uhttp://10.13.5.2/tesis/sist113611.pdf _zTeclea aquí |
||
| 901 | _aBK | ||
| 942 | _cTESIS | ||
| 942 | _n0 | ||
| 999 |
_c110072 _d110072 |
||